Polska historia sztuki a "Ziemie Odzyskane"

Titel: Polska historia sztuki a "Ziemie Odzyskane" / Adam S. Labuda
Verfasser:
In: Rocznik historii sztuki,
alle Artikel anzeigen
Veröffentlicht: 2001
Format: Aufsatz
Sprache: Polnisch
Schlagworte:
Vorliegende Ausgabe: Online-Ausg. Heidelberg: Univ.-Bibl., 2013. - Online-Ressource.
Kein Bild verfügbar
X
alg: 47167785
001A    $06055:06-11-20 
001B    $03025:05-01-24 $t15:59:44.000 
001D    $06055:06-11-20 
001U    $0utf8 
001X    $00 
002@    $0Oox 
002C    $aText $btxt $2rdacontent 
002D    $aComputermedien $bc $2rdamedia 
002E    $aOnline-Ressource $bcr $2rdacarrier 
003@    $047167785X 
004U    $0urn:nbn:de:bsz:16-diglit-142449 $SV98 
007A    $047167785X $aHEB 
007I    $0HHB-370326407 
007I    $0HHB-1440326401 
009Q    $SV98 $uhttp://digi.ub.uni-heidelberg.de/diglit/rhs2001/0051 $xH 
010@    $apol 
011@    $a2001 
011B    $a2013 
021A    $aPolska historia sztuki a "Ziemie Odzyskane" $hAdam S. Labuda 
027A    $aDie @polnische Kunstgeschichtsschreibung und die "Wiedergewonnenen Gebiete" 
028A    $#Labuda, Adam $#Labuda, Adam Stanisław $7115718702 $8Labuda, Adam S.$Z1946- [Tp1] $9149877501 
033N    $pHeidelberg $nUniv.-Bibl. 
033Q    $aOnline-Ressource 
037A    $aDt. Zsfassung u.d.T.: Die polnische Kunstgeschichtsschreibung und die "Wiedergewonnenen Gebiete", S. 61-62 
037A    $aEnthalten in: 26(2001), Seite [45]-62 
037G    $aOnline-Ausg. 
039B    $aIn $8--Obvc--. Rocznik historii sztuki. - Warszawa : Polska Akademia Nauk, 1956-. - Online-Ressource. - ISSN 2720-2933. - DOI 10.11588/diglit.12451. - urn:nbn:de:bsz:16-diglit-124512 $9290997941 
044K    $RKongresspolen $RWestgalizien $#Generalgouvernement Polen $#Polska $#Rzeczpospolita Polska $#Polska Rzeczpospolita Ludowa $#Poland $#Pologne $#République Polonaise $#Generalne Gubernatorstwo w Polsce $#Polish People's Republic $#Polska Rzeczpospolita Polen $#PRL $#RP $#Polen Generalgouvernement $#Polska Generalgouvernement $#Besetzte Polnische Gebiete $#Besetztes Gebiet in Polen $#Okupowane Polskie Obszary $#Obszary Okupowane w Polsce $#Volksrepublik Polen $#Polska Rosyjska $#Republic Polen $#Respublika Pol'ša $#Pol'skaja Narodnaja Respublika $#République de Pologne $#Polen Links der Weichsel $#Polska po Lewej Stronie Wisły $#Lenkija $#Polija $#Gubernija Carstva Pol'skago $#Republik Polen $74046496-9 $8Polen [Tg1] $9085129801 
044K    $REhemalige deutsche Gebiete $ROder-Neiße-Linie $ROstdeutschland $#Ehemalige deutsche Ostgebiete $#Ostgebiete des Deutschen Reiches $#Kresy wschodnie byłe niemieckie $#Eastern Territories Former German $#Ziemie Zachodnie i Północne $74070350-2 $8Deutsche Ostgebiete [Tg1] $9085197912 
044K    $RKünste $RKunstwerk $#Art $#Art $#Arte $#Arte $#arts $#Art $#Bildende Kunst $#Kunst $#Bildende Kunst $#Kunstdenkmal Kunst $74114333-4 $8Kunst [Tsz] $9085341703 
045E    $c700 
045G    $a709.4380904 $eDDC23BSB 
045G/01 $a709 
045G/03 $f0904 
045G/03 $g438 
045H    $a370.94380904 $eDDC23BSB 
045H/01 $a370.9 
045H/03 $f0904 
045H/03 $g438 
045R    $aGeschichte 
045T    $a9,10 

lok: 47167785 3

exp: 47167785 3 1 #EPN
201B/01 $007-11-20 $t22:20:14.405 
201C/01 $007-11-20 
201U/01 $0utf8 
203@/01 $01128877228 
204U/01 $0urn:nbn:de:bsz:16-diglit-142449 $SV98 
208@/01 $a07-11-20 $bl 

lok: 47167785 78

exp: 47167785 78 1 #EPN
201B/01 $005-01-24 $t15:56:26.000 
201C/01 $005-01-24 
201U/01 $0utf8 
203@/01 $01253902003 
208@/01 $a05-01-24 $be 
209A/01 $a/ $f000 $x00 
209A/01 $ab*p $x01 
220C/01 $aeja 
244Z/01 $#Generalgouvernement Polen $#Polska $#Rzeczpospolita Polska $#Polska Rzeczpospolita Ludowa $#Poland $#Pologne $#République Polonaise $#Generalne Gubernatorstwo w Polsce $#Polish People's Republic $#Polska Rzeczpospolita Polen $#PRL $#RP $#Polen Generalgouvernement $#Polska Generalgouvernement $#Besetzte Polnische Gebiete $#Besetztes Gebiet in Polen $#Okupowane Polskie Obszary $#Obszary Okupowane w Polsce $#Volksrepublik Polen $#Polska Rosyjska $#Republic Polen $#Respublika Pol'ša $#Pol'skaja Narodnaja Respublika $#République de Pologne $#Polen Links der Weichsel $#Polska po Lewej Stronie Wisły $#Lenkija $#Polija $#Gubernija Carstva Pol'skago $#Republik Polen $74046496-9 $8--Tg1--Polen $x01 $9085129801 
247C/01 $82080>Marburg/Lahn, Herder-Institut, Forschungsbibliothek, Bibliographieportal $9336309341
LEADER 00000caa a22000002c 4500
001 47167785X
003 DE-603
005 20240105155944.0
007 cr||||||||||||
008 201106s2001 xx |||| o| u00||u|pol c
024 7 |a urn:nbn:de:bsz:16-diglit-142449  |2 urn 
035 |a (DE-599)HEB47167785X 
040 |a DE-603  |b ger  |c DE-603  |d DE-603 
041 |a pol 
083 0 |8 1\u  |a 709.4380904  |q DE-101  |2 23/BSB 
083 0 |8 2\u  |a 370.94380904  |q DE-101  |2 23/BSB 
084 |a 700  |q DE-101  |2 sdnb 
084 |a 9,10  |2 ssgn 
085 |8 1\u  |b 709 
085 |8 1\u  |z 1  |s 0904 
085 |8 1\u  |z 2  |s 438 
085 |8 2\u  |b 370.9 
085 |8 2\u  |z 1  |s 0904 
085 |8 2\u  |z 2  |s 438 
100 1 |a Labuda, Adam S.  |d 1946-  |0 (DE-603)149877501  |0 (DE-588)115718702  |2 gnd 
245 0 0 |a Polska historia sztuki a "Ziemie Odzyskane"  |c Adam S. Labuda 
246 1 3 |a ˜Dieœ polnische Kunstgeschichtsschreibung und die "Wiedergewonnenen Gebiete" 
264 0 |c 2001 
336 |a Text  |b txt  |2 rdacontent 
337 |a Computermedien  |b c  |2 rdamedia 
338 |a Online-Ressource  |b cr  |2 rdacarrier 
500 |a Dt. Zsfassung u.d.T.: Die polnische Kunstgeschichtsschreibung und die "Wiedergewonnenen Gebiete", S. 61-62 
500 |a Enthalten in: 26(2001), Seite [45]-62 
530 |a Online-Ausg. 
533 |b Heidelberg  |c Univ.-Bibl.  |d 2013  |e Online-Ressource  |7 s2013uuuuxx u| 
648 7 |a Geschichte  |2 gnd 
650 7 |a Kunst  |0 (DE-588)4114333-4  |0 (DE-603)085341703  |2 gnd 
651 7 |a Polen  |0 (DE-588)4046496-9  |0 (DE-603)085129801  |2 gnd 
651 7 |a Deutsche Ostgebiete  |0 (DE-588)4070350-2  |0 (DE-603)085197912  |2 gnd 
773 0 8 |i In  |t Rocznik historii sztuki  |d Warszawa : Polska Akademia Nauk, 1956-  |h Online-Ressource  |o 10.11588/diglit.12451  |o urn:nbn:de:bsz:16-diglit-124512  |x 2720-2933  |w (DE-603)290997941  |w (DE-600)2654042-3 
856 |u http://digi.ub.uni-heidelberg.de/diglit/rhs2001/0051  |x Verlag 
924 1 |9 603  |a (DE-603)1128877228  |b DE-603  |c HES  |d d 
924 1 |9 2080  |a (DE-603)1253902003  |b DE-2080  |c HES  |d d  |g /